000 01057nam a2200277 i 4500
001 106703
003 ES-MaACL
005 20231227201228.0
007 t|
008 061219s1971 sp ||||1| spa d
080 _a75 Sanjurjo, Bernardo (083.82)
100 1 _aSanjurjo, Bernardo.
_9103169
245 1 0 _aB. Sanjurjo
_b: [exposición, Ateneo de Madrid, Sala Joven - Prado 21, noviembre 1971] /
_c[texto: Luis López Anglada].
260 _aMadrid :
_bPublicaciones Españolas,
_c1971.
300 _a[8] p. :
_bil. ;
_c20 cm.
490 1 _aSerie V, Sala Joven ;
_v4
600 1 4 _aSanjurjo, Bernardo-
_vExposiciones.
_9103170
610 2 7 _aAteneo de Madrid-
_vExposiciones-
_y1970-1979.
_91921
655 7 _2tgfbne
_9193628
_aCatálogos de exposiciones
700 1 _aLópez Anglada, Luis,
_d1919-2007
_973405
710 2 _aAteneo de Madrid.
_bSala Joven (Prado, 21)
_91966
830 0 _aSerie V, Sala Joven ;
_v4
_9185283
852 _aES-MaACL
_j2211-F-15
_9110756
_bR.138354
_cDEPOF
942 _2udc
_cFOLLETOS
999 _c106703
_d106703